Crafts and Technology in Ancient India: (Record no. 194441)
[ view plain ]
| 000 -LEADER | |
|---|---|
| fixed length control field | 00507nam a22001577a 4500 |
| 005 - DATE AND TIME OF LATEST TRANSACTION | |
| control field | 20221220122255.0 |
| 010 ## - LCCN (DPL NO) | |
| LC control number | E.N.A./7.11.22 |
| 020 ## - INTERNATIONAL STANDARD BOOK NUMBER | |
| International Standard Book Number | 9788185396187 |
| Terms of availability | 995.00 |
| 037 ## - SOURCE OF ACQUISITION | |
| Source of stock number/acquisition | S.S. Publishers |
| 100 ## - MAIN ENTRY--PERSONAL NAME | |
| Personal name | Ray, Ardhendusekhar |
| 245 ## - TITLE STATEMENT | |
| Title | Crafts and Technology in Ancient India: |
| Remainder of title | from the Earliest Times to the Gupta Period/ |
| Statement of responsibility, etc | Ardhendusekhar Ray |
| 260 ## - PUBLICATION, DISTRIBUTION, ETC. (IMPRINT) | |
| Place of publication, distribution, etc | Delhi |
| Name of publisher, distributor, etc | S.S. Publishers |
| Date of publication, distribution, etc | 2022 |
| 270 ## - ADDRESS | |
| Address | IX/5572, West Seelampur, Gandhi Nagar |
| 300 ## - PHYSICAL DESCRIPTION | |
| Extent | 210p. |
| Dimensions | 22cm(hbk) |
| 942 ## - ADDED ENTRY ELEMENTS (KOHA) | |
| Source of classification or shelving scheme | Dewey Decimal Classification |
| Item type | English Books |
| Call number suffix | RAY |
No items available.
